Normal view
MARC view
- CLAPHAM, CHRISTOPHER /JAMES NICHOLSON
Entry Personal Name
001 - CONTROL NUMBER
- control field: 6274
003 - CONTROL NUMBER IDENTIFIER
- control field: JO-AjAnu
005 - DATE AND TIME OF LATEST TRANSACTION
- control field: 20230606071322.0
008 - FIXED-LENGTH DATA ELEMENTS
- fixed length control field: 230606|| aca||aabn | a|a d
040 ## - CATALOGING SOURCE
- Original cataloging agency: JO-AjAnu
- Transcribing agency: JO-AjAnu
100 ## - HEADING--PERSONAL NAME
- Personal name: CLAPHAM, CHRISTOPHER /JAMES NICHOLSON
670 ## - SOURCE DATA FOUND
- Source citation: Work cat.: (JO-AjAnu)3251: CLAPHAM, CHRISTOPHER /JAMES NICHOLSON, author, The concise Oxford Dictionary of Mathematics